| 000 | 00538ntm a22002177a 4500 | ||
|---|---|---|---|
| 005 | 20180315144417.0 | ||
| 008 | 180315b xxu||||| |||| 00| 0 spa d | ||
| 020 | _a9786123044176 | ||
| 041 | _aspa | ||
| 082 | _a006.3 D277d | ||
| 100 |
_aDaza Vergaray, Alfredo _946261 |
||
| 245 | _aData minning: minería de datos | ||
| 260 | _aPerú | ||
| 260 | _bAlfaomega | ||
| 260 | _c2016 | ||
| 300 | _a286 páginas | ||
| 650 |
_aMINERÍA DE DATOS _918497 |
||
| 650 |
_aSPSS CLEMENTINE _946262 |
||
| 650 |
_aINTERFAZ _96524 |
||
| 942 | _cBK | ||
| 999 |
_c10462 _d10462 |
||